| 000 | 00617nam a22001457a 4500 | ||
|---|---|---|---|
| 020 | _a978-0-689-86737-8 | ||
| 082 |
_a823 _bDIX/H |
||
| 100 | _aDIXON, FRANKLIN W | ||
| 245 |
_aHARDY BOYS _bHIDDEN MOUNTAIN |
||
| 260 |
_aNEW YORK _bSIMON & SCHUSTER _c2004 |
||
| 300 | _a154 | ||
| 520 | _aNow Darren and his family have made it to Canada, but they're not yet out of the woods. The Hardys quickly arrive on the scene to help. But just when they're hot on the Wilkersons' trail, they get caught in a trap. Can Frank and Joe escape in time to save the Wilkersons from their predators? | ||
| 650 | _aSHORT STORY | ||
| 942 | _cBK | ||
| 999 |
_c6910 _d6910 |
||